000 00681nam a2200217Ia 4500
003 GCL
005 20240530102408.0
008 140319s9999 xx 000 0 ara d
040 _aGCL /
_cGCL
082 0 4 _a348.44
_bل ا
100 1 _aلون، مارسو
245 1 0 _aاحكام المبادئ فى القضاء الادارى الفرنسى /
_cمارسو لون
260 _a[S.N] :
_bمنشاة المعارف الاسلامية ،
_c1991
300 _a695 ص
490 _aالكتب القانونية
_v0
650 0 4 _aالقانون
650 0 4 _aالقانون الفرنسى
700 1 _aبدوسيدنى
700 1 _aاحمد يسرى
942 _2ddc
_cBK
999 _c31947
_d31947